header

Pay equity (Record no. 47518)

MARC details
000 -LEADER
fixed length control field 01483nam a2200337Ia 4500
245 00 - TITLE STATEMENT
Title Pay equity
260 ## - PUBLICATION, DISTRIBUTION, ETC. (IMPRINT)
Place of publication Washington, D.C. :
Name of publisher National Academy Press,
Year of publication 1989.
300 ## - PHYSICAL DESCRIPTION
Number of Pages xiv, 258 p. :
Other physical details ill.
500 ## - GENERAL NOTE
General note Selected papers of a workshop held in Sept. 1987.
650 #0 - SUBJECT ADDED ENTRY--TOPICAL TERM
Topical Term Pay equity
Topical Term Wages.
700 1# - ADDED ENTRY--PERSONAL NAME
Personal name Michael, Robert T.
Personal name Hartmann, Heidi I.
Personal name O'Farrell, Brigid.
856 40 - ELECTRONIC LOCATION AND ACCESS
Uniform Resource Identifier http://site.ebrary.com/lib/rucke/Doc?id=10062899

No items available.

© 2026 Rongo University
Contact us: librarian | system librarian | Rongo university